|
|
|
|
| LEADER |
00000cam a2200000 7i4500 |
| 001 |
0000082404 |
| 005 |
20190123.0 |
| 008 |
190123 |
| 020 |
|
|
|a 9789670870496
|
| 041 |
0 |
|
|a Malay
|
| 090 |
0 |
0 |
|a WAR
|b MAL
|
| 100 |
0 |
|
|a Wardina Aisyah
|
| 245 |
0 |
0 |
|a Superhero hati
|c Wardina Aisyah
|
| 260 |
|
|
|a Selangor :
|b Anaasa Publication ,
|c 2017
|
| 300 |
|
|
|a 488p. ;
|c 17.8cm.
|
| 541 |
0 |
0 |
|c Purchased on 2018
|f 10/2018 PDI
|h RM25.00
|
| 650 |
|
0 |
|a Malay fiction
|
| 999 |
|
|
|a 0001538116
|b Book
|c Adult Collection
|e Cawangan Taman Universiti
|
| 999 |
|
|
|a 0001538117
|b Book
|c Adult Collection
|e Cawangan Bandar Tenggara
|
| 999 |
|
|
|a 0001538118
|b Book
|c Adult Collection
|e Cawangan Tangkak
|
| 999 |
|
|
|a 0001538119
|b Book
|c Adult Collection
|e Cawangan Batu Pahat
|
| 999 |
|
|
|a 0001538120
|b Book
|c Adult Collection
|e Cawangan Kota Tinggi
|
| 999 |
|
|
|a 0001538121
|b Book
|c Adult Collection
|e Cawangan Bandar Penawar
|
| 999 |
|
|
|a 0001538122
|b Book
|c Adult Collection
|e Cawangan Taman Sri Lambak
|
| 999 |
|
|
|a 0001538123
|b Book
|c Adult Collection
|e Cawangan Mersing
|
| 999 |
|
|
|a 0001538124
|b Book
|c Adult Collection
|e Cawangan Muar
|
| 999 |
|
|
|a 0001538125
|b Book
|c Adult Collection
|e Cawangan Pontian
|
| 999 |
|
|
|a 0001538126
|b Book
|c Adult Collection
|e Cawangan Sri Merlong
|
| 999 |
|
|
|a 0001538127
|b Book
|c Adult Collection
|e Cawangan Bukit Gambir
|
| 999 |
|
|
|a 0001538128
|b Book
|c Adult Collection
|e Cawangan Segamat
|
| 999 |
|
|
|a 0001538129
|b Book
|c Adult Collection
|e Cawangan Tmn. Ungku Tun Aminah
|
| 999 |
|
|
|a 0001540525
|b Book
|c Adult Collection
|e Perbadanan Perpustakaan Awam Johor
|
| 999 |
|
|
|a 0001540526
|b Book
|c Adult Collection
|e Cawangan AEON Kulaijaya
|
| 999 |
|
|
|a 0001540527
|b Book
|c Adult Collection
|e Cawangan Urban Transformation Centre
|